| 000 | 00979nam a2200205 a 4500 | ||
|---|---|---|---|
| 003 | MX-MxUPN | ||
| 005 | 20250516115730.0 | ||
| 008 | 250516s1980 cl |||||r|||| 100 0 spa d | ||
| 040 |
_aMX-MxUPN _bspa _cMX-MxUPN |
||
| 041 | 0 | _aspa | |
| 050 | 1 | 4 |
_aLA541 _bS53 1980 |
| 111 | 2 |
_aSimposio Regional de Reflexión sobre el Futuro de la Educación en América Latina y el Caribe _d(1980 : _cVenezuela) _956571 |
|
| 245 | 2 | 0 |
_aSimposio Regional de Reflexión sobre el Futuro de la Educación en América Latina y el Caribe : _bCaracas, Venezuela, 15-17 de octubre, 1980 : documento de trabajo |
| 260 |
_aSantiago de Chile : _bOrganización de las Naciones Unidas para la Educación, la Ciencia y la Cultura, Oficina Regional de Educación para América Latina y el Caribe, _c1980. |
||
| 300 | _a21 páginas | ||
| 650 | 4 |
_aEducación _zAmérica Latina _vCongresos _914699 |
|
| 650 | 4 |
_aEducación _zCaribe (Región) _vCongresos _956570 |
|
| 902 | _aVíctor Ruiz/160525 | ||
| 942 |
_2lcc _cFOLL |
||
| 999 |
_c213245 _d213245 |
||